00825nam a2200241 i 4500001001000000003000900010005001700019007000300036008004100039020001500080040003000095082002100125100004100146245010600187264006600293300002800359336002700387337003300414338002800447500003300475500004100508650003400549000007381DO-SdBNP20240110103330.0ta090908s2004 dr r 001 0 spa d a9993490660 aDO-SdBNPbspacBNPHUerda 4a923.7bL832p2221 aLogroño, Arturo,d1891-1949eautor10aPapeles de Arturo Logroño :b(discursos, conferecias y artículos publicados) /cArturo Logroño. aSanto Domingo :bSociedad Dominicana de Bibliófilos,c2004. a491 páginas ;c23 cm. 2rdacontentatextobtxt 2rdamediaasin mediaciónbn 2rdacarrieravolumenbnc aIncluye datos biográficos  aIncluye referencias bibliográficas 4aLogroño, Arturo,y1891-1949